اعرف طفلك وعلم عليه / (Record no. 25030)

MARC details
000 -الفاتح
حقل البيانات ثابتة الطول 00680nam a22002415a 4500
003 - محدد رقم الضبط
رقم الضبط OSt
005 - وقت وتاريخ اخر تعامل مع التسجيلة
رقم الضبط 20170724152943.0
008 - عناصر البيانات ثابتة الطول - معلومات عامة
حقل البيانات ثابتة الطول 170711s2015 ua gr 000 0 ara d
017 ## - رقم الإيداع القانونى
رقم الإيداع القانونى 2014 / 22659
020 ## - الرقم الدولى المعيارى للكتب
الرقم الدولى المعيارى للكتاب 9789770933176
040 ## - مصدر الفهرسة
وكالة الفهرسة الأصلية EG-ScBUE
لغة الفهرسة ara
وكالة النسخ EG-ScBUE
082 04 - رقم تصنيف ديوى العشرى
رقم الطبعة 22
رقم التصنيف 306.874
رقم المادة ج ن د
100 1# - المدخل الرئيسى - إسم شخصى
الإسم الشخصى جندي، نهى.
245 10 - بيان العنوان
العنوان اعرف طفلك وعلم عليه /
بيان المسئوليه,etc نهى الجندي.
250 ## - بيان الطبعة
بيان الطبعة ط. 1.
260 ## - PUBLICATION, DISTRIBUTION, ETC. (IMPRINT)
مكان الناشر او الموزع القاهرة :
اسم الناشر او الموزع دار الشروق،
تاريخ النشر أو التوزيع 2015.
300 ## - الوصف المادى
التعداد 223 ص. ؛
أبعاد الوعاء 24 سم.
590 ## - تبصرة محلية(RLIN)
تبصرة محلية دعاء
650 #7 - المدخل الاضافى بالموضوع-مصطلح موضوعى
مصدر الرأس أو المصطلح BUEsh
مصطلح موضوعي أو اسم جغرافي كعنصر مدخل الأطفال
التقسيم الفرعي العام تربية.
9 (RLIN) 14986
651 ## - المدخل الاضافى بالموضوع - اسم جغرافى
مصدر الرأس أو المصطلح BUEsh
653 ## - مصطلح تكشيفى غير مقيد
Resource For college Generalities
Arrived date list July2017
942 ## - عناصر المدخل الإضافي( كوها)
مصدر التصنيف او مخطط الترفيف Dewey Decimal Classification
Holdings
حالة التراجع حالة الفقد مصدر التصنيف او خطة الترفيف حالة تلف ليس للاعارة المكان الدائم المكان الحالي موقع الترفيف تاريخ الاكتساب Source of acquisition سعر الشراء الطبيعي تعداد مسلسل / التسلسل الزمني رقم الاستدعاء الباركود Date last seen مُعار التكلفة نوع الوعاء
    Dewey Decimal Classification     Central Library Central Library First floor 11/07/2017 Purchase 28.00 000203 306.874 ج ن د 000046171 15/07/2025 18/12/2017 35.00 Book - Borrowing